All Mario RPG Games - Statistics

General Stats
  • This quiz has been taken 29 times
  • The average score is 15 of 19
Answer Stats
Hint Answer % Correct
N64 - 2000 Paper Mario
100%
NS - 2023 Super Mario RPG
96%
SNES - 1996 Super Mario RPG: Legend of the Seven Stars
96%
3DS - 2012 Paper Mario: Sticker Star
92%
WIIU - 2016 Paper Mario: Color Splash
88%
GCN - 2004 Paper Mario: The Thousand Year Door
88%
NS - 2024 Paper Mario: The Thousand Year Door
88%
WII - 2007 Super Paper Mario
88%
NDS - 2009 Mario & Luigi: Bowser's Inside Story
83%
3DS - 2019 Mario & Luigi: Bowser's Inside Story + Bowser Jr.'s Journey
83%
NDS - 2005 Mario & Luigi: Partners in Time
83%
GBA - 2003 Mario & Luigi: Superstar Saga
83%
3DS - 2017 Mario & Luigi: Superstar Saga + Bowser's Minions
83%
NS - 2020 Paper Mario: The Origami King
83%
3DS - 2013 Mario & Luigi: Dream Team
75%
3DS - 2015 Mario & Luigi: Paper Jam
75%
NS - 2024 Mario & Luigi: Brothership
71%
NS - 2017 Mario + Rabbids Kingdom Battle
54%
NS - 2022 Mario + Rabbids Sparks of Hope
38%
No matching quizzes found
Score Distribution
Percent of People with Each Score
Percentile by Number Answered
Your Score History
You have not taken this quiz